Proyectos de Educación Superior (Registro nro. 36452)
[ vista simple ]
| 000 -LEADER | |
|---|---|
| fixed length control field | 01618 a2200205 4500 |
| 001 - CONTROL NUMBER | |
| control field | 63974 |
| 005 - DATE AND TIME OF LATEST TRANSACTION | |
| control field | 20260521160827.0 |
| 008 - FIXED-LENGTH DATA ELEMENTS--GENERAL INFORMATION | |
| fixed length control field | 260521a1979 arg spa d |
| 003 - CONTROL NUMBER IDENTIFIER | |
| control field | AR-UNSa-BCEJYS |
| 040 ## - CATALOGING SOURCE | |
| Original cataloging agency | AR-UNSa-BCEJYS |
| Language of cataloging | spa |
| Transcribing agency | AR-UNSa-BCEJYS |
| 080 ## - UNIVERSAL DECIMAL CLASSIFICATION NUMBER | |
| Universal Decimal Classification number | 378 |
| Common auxiliary subdivision | Enseñanza superior. Universidades. Escuelas especiales |
| 041 ## - LANGUAGE CODE | |
| Language code of text/sound track or separate title | spa |
| 100 1# - MAIN ENTRY--PERSONAL NAME | |
| Personal name | Banco Interamericano de Desarrollo (BID) |
| 245 10 - TITLE STATEMENT | |
| Title | Proyectos de Educación Superior |
| Name of part/section of a work | Planificación e implementación |
| 264 #1 - PRODUCTION, PUBLICATION, DISTRIBUTION, MANUFACTURE, AND COPYRIGHT NOTICE | |
| Place of production, publication, distribution, manufacture | México : |
| Name of producer, publisher, distributor, manufacturer | Limusa |
| Date of production, publication, distribution, manufacture, or copyright notice | 1979 |
| 300 ## - PHYSICAL DESCRIPTION | |
| Extent | 180 p. |
| Dimensions | 23 cm. |
| 505 ## - FORMATTED CONTENTS NOTE | |
| Formatted contents note | 1. Fundamentos de la administración de proyectos – 2. Caracterización sistemática de la educación – 3. Planificación económica de la educación – 4. Gerencia de proyectos – 5. Elementos básicos de la administración de proyectos como sistema del sector de la educación superior – 6. Detalles del proyecto – 7. Análisis previo de los procedimientos de ejecución – 8. Organización de la ejecución – 9. Dinámica de la ejecución – 10. Metodología del control integrado de obras – 11. Ejecución – 12. Gerencia, por Diego Barañano – 13. Planificación, programación y control: plan de renovación del equipo de las universidades, por Abraao Oigman y Adolfo Leivovitch – 14. Recursos humanos, por Diego Barañano – 15. Recursos materiales, por Carlos Alberto Milone e Sinval de Olivera Filho – 16. Recursos financieros, por Claudio Salgado – 17 Información y control por Colbert Demaria Boiteux – 18. Planificación, programación y control – |
| 590 ## - LOCAL NOTE (RLIN) | |
| Local note | niveau_biblio:m niveau_hierar:0 |
| 942 ## - ADDED ENTRY ELEMENTS (KOHA) | |
| Koha item type | |
| Withdrawn status | Lost status | Damaged status | Not for loan | Home library | Current library | Shelving location | Date acquired | Total checkouts | Full call number | Barcode | Date last seen | Price effective from | Koha item type |
|---|---|---|---|---|---|---|---|---|---|---|---|---|---|
| Biblioteca Prof. Eusebio Cleto del Rey | Biblioteca Prof. Eusebio Cleto del Rey | 21/05/2026 | 378 B213 v.5 | L39074 | 21/05/2026 | 21/05/2026 | Libro |